书目信息 |
| 题名: |
工业锅炉和生活锅炉节约用煤
|
|
| 作者: | 张明月 编著 | |
| 分册: | ||
| 出版信息: | 北京 煤炭工业出版社 1981.3 |
|
| 页数: | 259页 | |
| 开本: | 19cm | |
| 丛书名: | ||
| 单 册: | ||
| 中图分类: | TK229.6 | |
| 科图分类: | ||
| 主题词: | 锅炉 | |
| 电子资源: | ||
| ISBN: | ||
| 000 | 00547nam0 2200181 45 | |
| 001 | 0181013408 | |
| 005 | 20060405095952.14 | |
| 010 | @dCNY0.90 | |
| 100 | @a20810111d km y0chiy0120 ea | |
| 101 | 0 | @achi |
| 200 | 1 | @a工业锅炉和生活锅炉节约用煤@Agong ye guo lu he sheng huo guo lu jie yue yong mie@f张明月编著@Fzhang ming yue bian zhu |
| 210 | @a北京@c煤炭工业出版社@d1981.3 | |
| 215 | @a259页@d19cm | |
| 606 | 0 | @a锅炉 |
| 690 | @aTK229.6 | |
| 701 | 0 | @a张明月@Azhang ming yue@4编著 |
| 801 | @aCN@bTSTC@c20060405 | |
| 905 | @dTK229.6@e1@f2@b59649-50 | |
| 工业锅炉和生活锅炉节约用煤/张明月编著.-北京:煤炭工业出版社,1981.3 |
| 259页;19cm |
| ISBN :CNY0.90 |
| ● |
| 相关链接 |
|
|
|
|
正题名:工业锅炉和生活锅炉节约用煤
索取号:TK229.6/1
 
预约/预借
| 序号 | 登录号 | 条形码 | 馆藏地/架位号 | 状态 | 备注 |
| 1 | 0059649 | 202229294 | 密集书库/ [索取号:TK229.6/1] | 在馆 | |
| 2 | 0059650 | 202229338 | 密集书库/ [索取号:TK229.6/1] | 在馆 |